<?xml version='1.0' encoding='UTF-8'?>
  <record xmlns="http://www.loc.gov/MARC21/slim">
    <leader>00000cam a22000007i 4500</leader>
    <controlfield tag="001">ocm66861529</controlfield>
    <controlfield tag="003">OCoLC</controlfield>
    <controlfield tag="005">20250225102026.0</controlfield>
    <controlfield tag="008">031214s1524    sz            000 0 lat d</controlfield>
    <datafield tag="040" ind1=" " ind2=" ">
      <subfield code="a">NLGGC</subfield>
      <subfield code="b">eng</subfield>
      <subfield code="e">rda</subfield>
      <subfield code="e">dcrmr</subfield>
      <subfield code="c">NLGGC</subfield>
      <subfield code="d">QGJ</subfield>
      <subfield code="d">OCLCA</subfield>
      <subfield code="d">OCLCO</subfield>
      <subfield code="d">QGJ</subfield>
      <subfield code="d">OCLCL</subfield>
      <subfield code="d">QGJ</subfield>
    </datafield>
    <datafield tag="029" ind1="0" ind2=" ">
      <subfield code="a">NLGGC</subfield>
      <subfield code="b">257944621</subfield>
    </datafield>
    <datafield tag="029" ind1="1" ind2=" ">
      <subfield code="a">GEBAY</subfield>
      <subfield code="b">1185550</subfield>
    </datafield>
    <datafield tag="035" ind1=" " ind2=" ">
      <subfield code="a">(OCoLC)66861529</subfield>
    </datafield>
    <datafield tag="245" ind1="0" ind2="0">
      <subfield code="a">In hoc libello contenta. Annemundi Cocti Equitis Galli ad lectorem Epistola. Christianissimi Doctoris Martini Lutheri ad Inlustrissimum principem Carolum Sabaudiae ducem Epistola. Huldrichi Zuinglij Tigurini Episcopi uigilantissimi ad Petrum Sebiuilla[m] Gratianopolitanum Ecclesiasten Epistola.</subfield>
    </datafield>
    <datafield tag="246" ind1="3" ind2="0">
      <subfield code="a">Annemundi Cocti equitis Galli ad lectorem epistola</subfield>
    </datafield>
    <datafield tag="246" ind1="3" ind2="0">
      <subfield code="a">Ad lectorem epistola</subfield>
    </datafield>
    <datafield tag="246" ind1="3" ind2="0">
      <subfield code="a">Christianissimi doctoris Martini Lutheri ad inlustrissimum principem Carolum Sabaudiae ducem epistola</subfield>
    </datafield>
    <datafield tag="246" ind1="3" ind2="7">
      <subfield code="a">Ad Carolvm dvcem sabavdiae Martini Lvtheri epistola</subfield>
    </datafield>
    <datafield tag="246" ind1="3" ind2="7">
      <subfield code="a">Ad P. S. Gr. Hvld. Z. epistola</subfield>
    </datafield>
    <datafield tag="246" ind1="3" ind2="7">
      <subfield code="a">Ad Petr. Sebivillam Gratianopol. Hvldrichi Zvinglii epistola</subfield>
    </datafield>
    <datafield tag="264" ind1=" " ind2="1">
      <subfield code="a">[Zürich] :</subfield>
      <subfield code="b">[Christoph Froschauer der Ältere],</subfield>
      <subfield code="c">[1524]</subfield>
    </datafield>
    <datafield tag="300" ind1=" " ind2=" ">
      <subfield code="a">8 leaves ;</subfield>
      <subfield code="c">20 cm (4vo)</subfield>
    </datafield>
    <datafield tag="336" ind1=" " ind2=" ">
      <subfield code="a">text</subfield>
      <subfield code="b">txt</subfield>
      <subfield code="2">rdacontent</subfield>
    </datafield>
    <datafield tag="337" ind1=" " ind2=" ">
      <subfield code="a">unmediated</subfield>
      <subfield code="b">n</subfield>
      <subfield code="2">rdamedia</subfield>
    </datafield>
    <datafield tag="338" ind1=" " ind2=" ">
      <subfield code="a">volume</subfield>
      <subfield code="b">nc</subfield>
      <subfield code="2">rdacarrier</subfield>
    </datafield>
    <datafield tag="340" ind1=" " ind2=" ">
      <subfield code="m">4to</subfield>
      <subfield code="2">rdabf</subfield>
    </datafield>
    <datafield tag="500" ind1=" " ind2=" ">
      <subfield code="a">Place of publication and publisher according to VD16.</subfield>
    </datafield>
    <datafield tag="500" ind1=" " ind2=" ">
      <subfield code="a">Year of publication according to Vischer.</subfield>
    </datafield>
    <datafield tag="500" ind1=" " ind2=" ">
      <subfield code="a">Signatures: A-B⁴.</subfield>
    </datafield>
    <datafield tag="500" ind1=" " ind2=" ">
      <subfield code="a">With initials.</subfield>
    </datafield>
    <datafield tag="510" ind1="4" ind2=" ">
      <subfield code="a">Verzeichnis der im deutschen Sprachbereich erschienenen Drucke des 16. Jahrhunderts (VD 16),</subfield>
      <subfield code="c">L 3692</subfield>
      <subfield code="u">https://gateway-bayern.de/VD16+L+3692</subfield>
    </datafield>
    <datafield tag="510" ind1="4" ind2=" ">
      <subfield code="3">Zwingli, Ulrich. Ad Petrum Sebivillam Gratianopolitanum ecclesiasten epistola:</subfield>
      <subfield code="a">Verzeichnis der im deutschen Sprachbereich erschienenen Drucke des 16. Jahrhunderts (VD 16),</subfield>
      <subfield code="c">Z 784</subfield>
      <subfield code="u">https://gateway-bayern.de/VD16+L+3692</subfield>
    </datafield>
    <datafield tag="510" ind1="4" ind2=" ">
      <subfield code="a">Benzing, J. Lutherbibliographie,</subfield>
      <subfield code="c">2005</subfield>
    </datafield>
    <datafield tag="510" ind1="4" ind2=" ">
      <subfield code="a">Finsler, G. Zwingli-Bibliographie,</subfield>
      <subfield code="c">I, 24</subfield>
    </datafield>
    <datafield tag="510" ind1="4" ind2=" ">
      <subfield code="a">Vischer, M. Bibliographie der Zürcher Druckschriften des 15. und 16. Jahrhunderts,</subfield>
      <subfield code="c">C 52</subfield>
    </datafield>
    <datafield tag="600" ind1="1" ind2="0">
      <subfield code="a">Luther, Martin,</subfield>
      <subfield code="d">1483-1546.</subfield>
    </datafield>
    <datafield tag="650" ind1=" " ind2="0">
      <subfield code="a">Reformation.</subfield>
    </datafield>
    <datafield tag="650" ind1=" " ind2="6">
      <subfield code="a">Réforme (Christianisme)</subfield>
    </datafield>
    <datafield tag="650" ind1=" " ind2="7">
      <subfield code="a">Reformation.</subfield>
      <subfield code="2">aat</subfield>
    </datafield>
    <datafield tag="600" ind1="1" ind2="7">
      <subfield code="a">Luther, Martin,</subfield>
      <subfield code="d">1483-1546</subfield>
      <subfield code="2">fast</subfield>
      <subfield code="1">https://id.oclc.org/worldcat/entity/E39PBJcC3jTktTmxwtTMgxrQbd</subfield>
    </datafield>
    <datafield tag="650" ind1=" " ind2="7">
      <subfield code="a">Reformation</subfield>
      <subfield code="2">fast</subfield>
    </datafield>
    <datafield tag="700" ind1="0" ind2=" ">
      <subfield code="a">Pierre,</subfield>
      <subfield code="c">de Sébiville,</subfield>
      <subfield code="e">addressee.</subfield>
      <subfield code="4">rcp</subfield>
      <subfield code="1">https://id.oclc.org/worldcat/entity/E39PCjwyPkcXpYPRM87wQjWXcX</subfield>
    </datafield>
    <datafield tag="700" ind1="0" ind2=" ">
      <subfield code="a">Charles</subfield>
      <subfield code="b">III,</subfield>
      <subfield code="c">Duke of Savoy,</subfield>
      <subfield code="d">1486-1553,</subfield>
      <subfield code="e">addressee.</subfield>
      <subfield code="4">rcp</subfield>
      <subfield code="1">https://id.oclc.org/worldcat/entity/E39PBJtCBKk8fVr4DwJMCVwXBP</subfield>
    </datafield>
    <datafield tag="700" ind1="1" ind2=" ">
      <subfield code="a">Coctus, Annemundus,</subfield>
      <subfield code="d">-1525,</subfield>
      <subfield code="e">writer of supplementary textual content.</subfield>
      <subfield code="4">wst</subfield>
      <subfield code="1">https://id.oclc.org/worldcat/entity/E39PCjxqgqBMYR6xpx3M9vDvf3</subfield>
    </datafield>
    <datafield tag="700" ind1="1" ind2=" ">
      <subfield code="a">Luther, Martin,</subfield>
      <subfield code="d">1483-1546.</subfield>
      <subfield code="t">Ad inlustrissimum principem Carolum Sabaudiae ducem epistola.</subfield>
    </datafield>
    <datafield tag="700" ind1="1" ind2=" ">
      <subfield code="a">Zwingli, Ulrich,</subfield>
      <subfield code="d">1484-1531.</subfield>
      <subfield code="t">Ad Petrum Sebiuillam Gratianopolitanum Ecclesiasten epistola.</subfield>
    </datafield>
    <datafield tag="700" ind1="1" ind2=" ">
      <subfield code="a">Froschauer, Christoph,</subfield>
      <subfield code="d">approximately 1490-1564,</subfield>
      <subfield code="e">printer.</subfield>
      <subfield code="4">prt</subfield>
      <subfield code="1">https://id.oclc.org/worldcat/entity/E39PBJwRRhMyRk8WrFh7XxH6Kd</subfield>
    </datafield>
    <datafield tag="740" ind1="0" ind2=" ">
      <subfield code="a">Ad inlustrissimum principem Carolum Sabaudiae ducem epistola.</subfield>
    </datafield>
    <datafield tag="740" ind1="0" ind2=" ">
      <subfield code="a">Huldrichi Zvinglii Tigurini episcopi vigilantissimi ad Petrum Sebivillam Gratianopolitanum ecclesiasten epistola.</subfield>
    </datafield>
    <datafield tag="740" ind1="0" ind2=" ">
      <subfield code="a">Ad Petrum Sebivillam Gratianopolitanum ecclesiasten epistola.</subfield>
    </datafield>
    <datafield tag="752" ind1=" " ind2=" ">
      <subfield code="a">Switzerland</subfield>
      <subfield code="d">Zürich,</subfield>
      <subfield code="e">publication place.</subfield>
      <subfield code="4">pup</subfield>
    </datafield>
    <datafield tag="758" ind1=" " ind2=" ">
      <subfield code="i">has work:</subfield>
      <subfield code="a">In hoc libello contenta (Text)</subfield>
      <subfield code="1">https://id.oclc.org/worldcat/entity/E39PCFrdDHQ7Xp6qB4pXRKp4WP</subfield>
      <subfield code="4">https://id.oclc.org/worldcat/ontology/hasWork</subfield>
    </datafield>
  </record>